000
00255nam a22001217a 4500
008
170706b xxu||||| |||| 00| 0 eng d
041
_a
eng
080
_a
94
100
_a
18
101
_a
SHH
245
_a
THE OF HISTORY
_c
KAGAN.R
942
_2
udc
_c
BK
999
_c
20012
_d
20012